| 000 | 00367nam a22001457a 4500 | ||
|---|---|---|---|
| 003 | SGT | ||
| 020 | _a9788123795548 | ||
| 082 |
_a342.0954 _bT10C |
||
| 100 | _aCHAUBE, SHIBANIKINKAR | ||
| 245 | _aTHE MAKING OF WORKING OF THE INDIAN CONSTITUTION | ||
| 260 |
_aINDIA _bNATIONAL BOOK TRUST _c2010 |
||
| 300 | _a285 | ||
| 650 | _aINDIAN CONSTITUTION | ||
| 942 |
_2ddc _cBK |
||
| 999 |
_c26206 _d26206 |
||